[Event "FRA-ch op-C"]
[Site "L'Alpe d'Huez"]
[Date "2023.08.25"]
[Round "7"]
[White "Eleze, Greg"]
[Black "Page, Noah"]
[Result "0-1"]
[WhiteElo "1610"]
[BlackElo "1735"]
[PlyCount "118"]
[EventDate "2023.08.19"]
[EventType "swiss"]
[EventRounds "9"]
[EventCountry "FRA"]
[SourceTitle "EXT 2024"]
[Source "ChessBase"]
[SourceDate "2023.10.10"]
[SourceVersion "1"]
[SourceVersionDate "2023.10.10"]
[SourceQuality "1"]

1. d4 d5 2. c4 e6 3. Nf3 c5 4. cxd5 exd5 5. g3 Nc6 6. Bg2 Nf6 7. 0-0 Be7 8. Nc3 0-0 9. dxc5 Bxc5 10. Bf4 a6 11. Ne5 Nxe5 12. Bxe5 d4 13. Bxf6 Qxf6 14. Ne4 Qe7 15. Nxc5 Qxc5 16. Qd2 Qb6 17. Rfd1 Rd8 18. Rac1 Be6 19. b3 Rd7 20. Rc2 Re8 21. Qf4 h6 22. Rdc1 d3 23. exd3 Rxd3 24. Bf1 Rd4 25. Qc7 Qxc7 26. Rxc7 Red8 27. h4 Rd1 28. Kg2 Rxc1 29. Rc6 Rc3 30. Rxc3 Rd3 31. Rc1 Rd2 32. Ra1 Bd5+ 33. Kg1 Kf8 34. Bg2 Bxg2 35. Kxg2 Ke7 36. Kf3 Kd6 37. Ke3 Rc2 38. Rd1+ Ke6 39. Rd2 Rxd2 40. Kxd2 Ke5 41. Ke3 g5 42. hxg5 hxg5 43. f4+ gxf4+ 44. gxf4+ Kd5 45. Kd3 a5 46. a3 b5 47. Ke3 a4 48. b4 Kc4 49. Ke4 Kb3 50. Ke5 Kxa3 51. Kf6 Kxb4 52. Kxf7 a3 53. f5 a2 54. f6 a1Q 55. Kg6 Qg1+ 56. Kh7 Qf2 57. Kg7 Kc3 58. f7 Qxf7+ 59. Kxf7 b4 0-1

[Event "EU Union-ch U14"]
[Site "Pec pod Snezkou"]
[Date "2022.08.27"]
[Round "6"]
[White "Paralieu, Emma1"]
[Black "Page, Noah"]
[Result "0-1"]
[WhiteElo "1596"]
[BlackElo "1992"]
[PlyCount "38"]
[EventDate "2022.08.22"]
[EventType "swiss"]
[EventRounds "9"]
[EventCountry "CZE"]
[SourceTitle "EXT 2023"]
[Source "ChessBase"]
[SourceDate "2022.10.05"]
[SourceVersion "1"]
[SourceVersionDate "2022.10.05"]
[SourceQuality "1"]

1. e4 c5 2. Nf3 Nc6 3. c3 Nf6 4. e5 Nd5 5. d4 cxd4 6. cxd4 d6 7. Be2 g6 8. Bc4 dxe5 9. dxe5 Be6 10. Qb3 Qd7 11. Bd2 a6 12. a4 Bg7 13. Bc3 Nf4 14. 0-0 Bxc4 15. e6 Qxe6 16. Qxb7 Ra7 17. Qb6 0-0 18. Ng5 Qg4 19. Qxc6 Bd5 0-1

[Event "Vaujany op 13th"]
[Site "Vaujany"]
[Date "2022.07.15"]
[Round "2"]
[White "Page, Noah"]
[Black "Kaloczi, Kristof"]
[Result "0-1"]
[WhiteElo "1806"]
[BlackElo "2022"]
[PlyCount "84"]
[EventDate "2022.07.14"]
[EventType "swiss"]
[EventRounds "9"]
[EventCountry "FRA"]
[SourceTitle "EXT 2023"]
[Source "ChessBase"]
[SourceDate "2022.10.05"]
[SourceVersion "1"]
[SourceVersionDate "2022.10.05"]
[SourceQuality "1"]

1. e4 e6 2. d4 d5 3. Nd2 Nc6 4. c3 e5 5. exd5 Qxd5 6. Ngf3 exd4 7. Bc4 Qf5 8. 0-0 Be6 9. Bxe6 fxe6 10. Nxd4 Nxd4 11. cxd4 0-0-0 12. Qa4 Kb8 13. Nf3 Nf6 14. Re1 Bd6 15. Ne5 Nd5 16. Be3 Nb6 17. Qb3 Bxe5 18. dxe5 Rd3 19. Qb4 Nd5 20. Qb5 Nxe3 21. Rxe3 Rxe3 22. fxe3 Rf8 23. Rf1 Qxf1+ 24. Qxf1 Rxf1+ 25. Kxf1 c5 26. Ke2 Kc7 27. Kd3 Kc6 28. e4 Kb5 29. Kc3 c4 30. b3 cxb3 31. Kxb3 Kc5 32. Kc3 b5 33. a3 a5 34. Kd3 g5 35. Kc3 h5 36. Kd3 b4 37. axb4+ Kxb4 38. h4 gxh4 39. Ke3 a4 40. Kf4 a3 41. Kg5 a2 42. Kxh5 a1Q 0-1